| 000 | 00732nam a2200253Ia 4500 | ||
|---|---|---|---|
| 008 | 170203s9999 xx 000 0 und d | ||
| 020 | _a0-43915832x | ||
| 050 | _aFic | ||
| 050 | _bL931b | ||
| 100 | _aLucado, Max. | ||
| 245 | _aBecause I love you / | ||
| 245 | _cwritten by Max Lucado; illustrated by Mitchell Heinze. | ||
| 260 | _aNew York : | ||
| 260 | _bScholastic Inc., | ||
| 260 | _c1999 | ||
| 300 | _a31 pages : | ||
| 300 | _bcolor illustrations ; | ||
| 300 | _c26 cm | ||
| 500 | _a"Published by Scholastic Inc. ... by arrangement with Crossway Books, a division of Good News Publishers." | ||
| 650 | _aAllegories. | ||
| 650 | _aChristian life -- | ||
| 650 | _aChristian life. | ||
| 650 | _xFiction. | ||
| 999 |
_c306322 _d306322 |
||